[Event "North American-ch Juniors Open U20 2020"]
[Site "Charlotte"]
[Date "2020.12.22"]
[Round "7.7"]
[White "Kumar, Naman"]
[Black "Paul, Justin"]
[Result "1-0"]
[WhiteElo "2115"]
[BlackElo "2267"]
[Annotator "TA"]
[PlyCount "111"]
[EventDate "2020.12.06"]
[EventType "swiss"]
[EventCountry "USA"]
[SourceTitle "playchess.com"]
[Source "ChessBase"]
[SourceQuality "1"]

{[%evp 18,111,24,25,104,72,58,34,27,0,33,41,45,0,41,26,54,39,43,0,0,0,0,0,0,0,25,23,27,16,12,18,34,34,36,28,37,24,24,28,40,40,60,64,92,81,75,47,132,112,116,66,70,67,97,94,195,195,217,212,222,235,258,212,291,32,277,238,221,0,38,8,8,8,8,8,51,42,29973,29974,29976,29976,29976,29977,29977,29977,29980,29977,29983,29984,29984,29985,29985,29986,29986,29987]} 1. e4 c5 2. Nf3 Nc6 3. d4 cxd4 4. Nxd4 Nf6 5. Nc3 d6 6. f3 e5 7. Nb3 Be6 8. Be3 Be7 9. Qd2 O-O 10. O-O-O h6 {B56: Classical Sicilian: Unusual Lines.} (10... a5 $11 {remains equal.}) 11. g4 {[#]} Ne8 $146 ({Predecessor:} 11... a5 12. Kb1 a4 13. Nc1 a3 14. b3 Nb4 15. h4 Rc8 16. g5 Nh5 17. gxh6 Qc7 {0-1 (31) Berry,J-Berisha,E Orlando 2011}) 12. Qf2 Bh4 {White is slightly better.} 13. Qd2 a6 14. Kb1 b5 15. Be2 Ne7 16. f4 {Threatens to win with fxe5.} exf4 17. Bxf4 Ng6 18. Bxd6 Bg5 19. Qd4 Nxd6 20. Qxd6 Qxd6 21. Rxd6 Rfd8 22. Rxd8+ Rxd8 23. Rd1 Rxd1+ 24. Bxd1 Be3 25. Nd5 Bg1 26. h3 Kf8 27. Bf3 Ne5 28. Be2 g5 29. Bf1 Ng6 30. Nd2 Bc5 31. c4 bxc4 32. Nxc4 (32. Kc2 {is interesting.} a5 33. Bxc4 Ne5 34. Bf1 Bf2 35. a4) 32... Bxd5 (32... Nf4 $14) 33. exd5 $16 {[%mdl 4096] Endgame KBN-KBN} Ke7 34. Nd2 a5 35. Ne4 Bd6 36. Kc2 Be5 {[#]} (36... Nh4 $16) 37. Kb3 $1 $18 Nf4 {[#]} 38. d6+ $1 Kd7 39. Ka4 Bxb2 40. Kxa5 Ba3 41. Ka4 $2 (41. Kb6 $18) 41... Bc1 $2 (41... Bxd6 $14 42. Kb5 Ba3) 42. Kb5 Ba3 43. Ka4 $2 (43. Kb6 $18) 43... Bxd6 (43... Bc1 {feels hotter.}) 44. Nxd6 Kxd6 $11 {KB-KN} 45. Kb5 Nd5 46. Bc4 {Hoping for Bxd5.} Nc3+ (46... f5 $5) 47. Kb4 $1 {[%cal Rb4c3]} Nxa2+ $2 {[%mdl 8192]} (47... Ne4 $14) 48. Bxa2 $14 {KB-K3P. White mates.} f6 49. Kc4 Ke5 50. Bb1 Kf4 51. Bg6 f5 52. Bxf5 h5 53. Kd5 h4 54. Ke6 Kg3 55. Kf6 Kxh3 56. Kxg5 {Weighted Error Value: White=0.25/Black=0.34} 1-0

[Event "North American-ch Juniors Open U20 2020"]
[Site "Charlotte"]
[Date "2020.12.22"]
[Round "7.8"]
[White "Quiroga Jaquez, Angel Ivan"]
[Black "Hamley, Ryan"]
[Result "1-0"]
[WhiteElo "2178"]
[BlackElo "2089"]
[Annotator "TA"]
[PlyCount "89"]
[EventDate "2020.12.06"]
[EventType "swiss"]
[EventCountry "USA"]
[SourceTitle "playchess.com"]
[Source "ChessBase"]
[SourceQuality "1"]

{[%evp 15,89,2,19,8,20,19,26,22,39,37,37,37,45,24,31,12,45,31,44,30,46,8,33,22,50,50,68,68,68,52,81,72,81,76,86,53,56,27,38,37,40,33,44,0,53,16,34,0,46,40,97,97,163,136,163,0,248,296,244,220,216,190,200,215,208,204,835,800,1033,996,1103,1105,1014,958,936,879]} 1. Nf3 d5 2. b3 Bf5 3. Bb2 e6 4. g3 h6 5. Bg2 Nf6 6. O-O Be7 7. d3 O-O 8. Nbd2 Bh7 9. Re1 {A07: Réti Opening: New York and Capablanca Systems.} Nbd7 10. e4 dxe4 11. dxe4 {White has an edge.} Nc5 {[%cal Rf6e4]} 12. Ne5 c6 13. Qe2 Qc7 14. Rad1 Rad8 {[#]} 15. h4 $146 ({Predecessor:} 15. f3 Nfd7 16. Ndc4 Nb6 17. Nxb6 axb6 18. Nc4 f6 19. a4 Kf7 20. Ne3 Rxd1 21. Rxd1 {1-0 (65) Bialik,N (1547)-Tyszecki,A (1456) Sypniewo 2020}) 15... Ncd7 16. Nd3 a5 17. f4 Nc5 18. Ne5 Na6 19. a3 {[%cal Ba2a3,Ba3b4][%mdl 32]} Bc5+ 20. Kh2 Bd4 21. Bxd4 Rxd4 22. c3 Rdd8 23. b4 axb4 24. axb4 Nb8 25. Bf3 Nbd7 26. Nxd7 Rxd7 27. Nc4 Rfd8 28. Rxd7 Qxd7 29. Qf2 Qe7 (29... Bxe4 $1 $11 30. Rxe4 Qd3 {[%mdl 64] Double Attack}) 30. e5 Nd5 31. Bxd5 Rxd5 32. Nd6 Rd3 (32... Bf5 $14) 33. Ra1 $16 {Ra8+ is the strong threat.} Bg6 (33... Qd8 $16) 34. Ra8+ $18 Kh7 35. Qa7 $2 (35. h5 $18 Bf5 36. Ra7) 35... Rxc3 $2 (35... Bh5 $11 {and Black stays safe.}) 36. Qb8 {[%csl Ga8][%cal Rb8h8]} Rc2+ 37. Kg1 $1 {[%csl Ga8][%cal Rb8h8][%mdl 1024] White has strong compensation.} Bh5 38. Ra7 $40 {[%mdl 128] White is out for blood.} ({Stronger than} 38. Qxb7 Qxb7 39. Nxb7 Bf3 $15) 38... Rc1+ 39. Kf2 $1 Rc2+ {[#]} 40. Ke1 $1 Re2+ $2 (40... Rc1+ 41. Kd2 Rd1+ 42. Kc2 Rd5) 41. Kf1 {White is clearly winning.} Rd2 42. Rxb7 Rd1+ 43. Kf2 Rd2+ {[#]} 44. Ke3 $1 {[%cal Re3d2]} Re2+ 45. Kd3 {Weighted Error Value: White=0.14/Black=0.33} 1-0

[Event "North American-ch Juniors Open U20 2020"]
[Site "Charlotte"]
[Date "2020.12.22"]
[Round "7.9"]
[White "Park, Evan"]
[Black "Oberoi, Shelev"]
[Result "1/2-1/2"]
[WhiteElo "2173"]
[BlackElo "2133"]
[Annotator "TA"]
[PlyCount "162"]
[EventDate "2020.12.06"]
[EventType "swiss"]
[EventCountry "USA"]
[SourceTitle "playchess.com"]
[Source "ChessBase"]
[SourceQuality "1"]

{[%evp 12,162,70,83,87,85,102,85,95,90,171,180,178,169,200,181,171,171,200,181,200,129,132,129,134,133,133,117,116,70,69,0,0,0,20,24,24,0,16,-55,59,54,100,94,157,47,100,82,98,95,97,98,83,0,0,0,0,0,0,0,0,0,0,-3,0,-12,-12,-15,-13,-8,0,-3,-3,-3,8,11,39,42,36,33,32,0,52,7,118,116,116,123,117,72,99,18,6,8,65,0,38,0,0,0,28,0,0,0,0,0,0,0,0,-123,0,0,0,0,0,0,0,0,0,0,0,0,0,0,0,0,0,0,0,0,0,0,0,0,0,0,0,0,0,0,0,0,0,0,0,0,0,0,0,0,0,0,0]} 1. e4 d5 2. exd5 Qxd5 3. Nc3 Qd8 4. d4 Nf6 5. Nf3 c6 6. Bc4 Bf5 7. Ne5 {[%csl Ge5][%cal Rc4f7]} e6 {B01: Scandinavian Defence.} 8. g4 $1 {[%cal Rg4f5]} Bg6 {[#]} 9. h4 $1 Bb4 {White is better.} 10. f3 {[#]} h5 $146 (10... Nd5 $16) ({Predecessor:} 10... Nd5 11. Bd2 Bxc3 12. bxc3 b5 13. Bxd5 Qxd5 14. h5 f6 15. hxg6 fxe5 16. Rxh7 Rg8 {0-1 (40) Ragger,M (2659)-Laznicka,V (2654) Novy Bor 2017}) 11. Nxg6 $18 fxg6 12. Qd3 ({Resist} 12. Bxe6 $6 Qd6 $14) 12... Kf7 13. gxh5 Rxh5 14. Bg5 Qa5 {[#]} 15. Rg1 $1 Qf5 16. O-O-O b5 {Threatens to win with ...Bxc3.} 17. Bb3 Qxd3 18. Rxd3 Nbd7 19. Re3 Nf8 20. Ne2 Bd6 21. c3 (21. Rc3 $14) 21... Nd5 $11 22. Re4 Nh7 23. Bf4 Be7 24. Bc2 Rh8 25. Bg3 (25. Bd2 $11) 25... Nf8 (25... g5 $1 $15) 26. Nf4 $36 {[%mdl 2048] Black is under pressure.} Nxf4 27. Rxf4+ Ke8 (27... Kg8 $142) 28. Rg4 (28. Be4 $16 Bd6 29. Bxc6+ Ke7 30. Re4) 28... Kf7 (28... Kd7 $14) 29. Be5 {[%cal Rg4g6]} R8h6 30. Bf4 Rh8 31. Be4 c5 32. Bxg6+ (32. Be3 $16) 32... Nxg6 $11 33. Rxg6 Bf6 34. Be5 Bxe5 35. dxe5 {[%mdl 4096] Endgame KRR-KRR} R8h7 36. R6g2 Rxe5 37. Rd2 Ke7 38. Rgd1 Rxh4 39. Rd7+ Kf6 40. Rxa7 Rh2 41. Rd2 Re1+ 42. Kc2 $1 Rhh1 (42... Ree2 {is more complex.} 43. Rxe2 Rxe2+ 44. Kc1 Rf2 45. Ra5 g5) 43. Kb3 Rhf1 (43... b4 $5) 44. Ra5 Rxf3 45. Rxb5 Rf5 46. Rd8 Ke7 (46... g5 $11) 47. Rc8 Ree5 (47... c4+ $11 {keeps the balance.} 48. Kb4 (48. Kxc4 Re4+ 49. Kd3 Rxb5 $11) 48... Rxb5+ 49. Kxb5 Re2) 48. Rb7+ $16 Kf6 49. a4 g5 50. Rg8 Rd5 51. Kc4 (51. Rbg7 $16) 51... Rf4+ $11 52. Kb5 {aiming for a5.} c4+ (52... Rd2 $11 53. Kxc5 Rxa4) 53. Kb6 ({Better is} 53. Kb4 $14) 53... Rd6+ 54. Ka7 Rf5 55. Rb5 Rdd5 56. Rxd5 (56. Rb4 $5 {[%cal Rb4c4]}) 56... Rxd5 {KR-KR} 57. Ka6 e5 58. a5 e4 59. Kb6 e3 (59... Kf7 $5 60. Rh8 $8 e3 $11) 60. a6 (60. Rf8+ $1 $11 Ke7 61. Rf1) 60... Rd6+ (60... e2 $17 61. Re8 Re5 62. Rxe5 Kxe5) 61. Kb5 {a7 is the strong threat. Cut Off at move 61. The position is equal.} e2 62. Re8 Re6 63. Rxe6+ Kxe6 {K3P-K3P} 64. a7 e1=Q 65. a8=Q {Qe8+ would kill now. KQ-KQ} Qe5+ 66. Kxc4 {Black must now prevent Qe8+.} Qe2+ 67. Kb3 Qd1+ 68. Kb4 Qd6+ 69. Kb5 Qd5+ 70. Qxd5+ Kxd5 {KPP-KP} 71. c4+ Ke6 (71... Ke5 $5 72. c5 $8 g4 $16) 72. c5 {White wants to mate with c6.} g4 73. c6 $1 g3 ({Reject} 73... Kd6 $6 74. Kb6 $16) (73... Kd6 $5 74. Kb6 $8 g3 $16) 74. Ka6 $1 {White threatens c7 and mate.} Kd6 $1 {[%cal Rd6c6]} 75. Kb7 g2 76. c7 g1=Q {( -> ...Qg2+)} 77. c8=Q {Strongly threatening Qc6+.} Qg2+ 78. Ka7 {Hoping for b4.} Qf2+ 79. Ka8 Qxb2 80. Qf8+ Kd7 81. Qf5+ Kd8 {White really could win this.  Weighted Error Value: White=0.25/Black=0.25} 1/2-1/2

[Event "North American-ch Juniors Open U20 2020"]
[Site "Charlotte"]
[Date "2020.12.23"]
[Round "8.1"]
[White "Liang, Jason"]
[Black "Vivekananthan, Anish"]
[Result "1/2-1/2"]
[WhiteElo "2317"]
[BlackElo "2305"]
[Annotator "TA"]
[PlyCount "115"]
[EventDate "2020.12.06"]
[EventType "swiss"]
[EventCountry "USA"]
[SourceTitle "playchess.com"]
[Source "ChessBase"]
[SourceQuality "1"]

{[%evp 12,115,43,33,42,35,54,31,38,20,62,45,59,43,47,16,29,31,33,29,33,20,31,20,28,20,20,18,14,12,20,0,15,0,0,2,9,7,12,8,9,20,11,8,11,0,29,0,9,0,5,5,8,0,0,0,0,0,0,0,0,0,0,0,0,0,0,0,0,0,0,0,0,0,0,0,0,0,0,0,0,0,0,0,0,0,0,0,0,0,0,0,0,0,0,0,0,0,0,0,0,0,0,0,0,0]} 1. e4 e5 2. Nf3 Nf6 3. Nxe5 d6 4. Nf3 Nxe4 5. d4 Be7 6. Bd3 Nf6 7. O-O O-O {C42: Petroff Defence: 3 Nxe5 and unusual White 3rd moves.} 8. Re1 Re8 9. Nbd2 {[%cal Bb1d2,Bd2f1,Bf1g3][%mdl 32]} Bg4 {White is slightly better.} 10. Nf1 Bh5 11. Ng3 Bg6 {[#]} 12. Bg5 $146 ({Predecessor:} 12. Nf5 Bxf5 13. Bxf5 Nbd7 14. c3 c6 15. Qc2 Qc7 16. Bf4 g6 17. Bd3 Nh5 18. Bh6 {½-½ (40) Bloessl,W (2205)-Haas,S (2240) Germany 2000}) 12... Nbd7 13. Nh4 Nd5 14. Bxe7 Rxe7 15. Nxg6 hxg6 16. Qd2 c6 17. c3 Nf8 18. Bc4 Nf6 19. Rxe7 Qxe7 20. Re1 Qd7 21. Re2 (21. Nf1 {with more complications.} d5 22. Bd3 Ne6 23. h3 c5 24. dxc5 Nxc5 25. Bb1) 21... Re8 (21... d5 {is more complex.} 22. Bd3 Ne6 23. Re1 Re8 24. Nf1 b6) 22. Qe1 Rxe2 23. Qxe2 d5 24. Bd3 Ne6 25. Qe5 Qc7 26. Qxc7 Nxc7 $11 {[%mdl 4096] Endgame KBN-KNN} 27. h4 Ne6 28. Ne2 Ne8 29. f3 Nd6 {The position is equal.} 30. Kf2 Kf8 31. g4 g5 32. hxg5 Nxg5 33. Ke3 Ke7 34. b3 Ne6 35. f4 g6 36. Ng3 g5 37. fxg5 Nxg5 38. Nf5+ Nxf5+ 39. Bxf5 {KB-KN} f6 40. Bc8 b6 41. Bf5 Nf7 42. Kf4 Nd6 43. Bd3 Ke6 44. a4 a5 45. Bh7 Ke7 46. Bg6 Ke6 47. Bd3 Ke7 48. Kf3 Ke6 49. Ke3 Ke7 50. Bc2 Ke6 51. Kf4 Ke7 52. Kg3 Ke6 53. Kf3 Ke7 54. Bb1 Ke6 55. Kf4 Ke7 56. Bh7 Ke6 57. Bg8+ Ke7 58. Bh7 {Weighted Error Value: White=0.04/Black=0.03} 1/2-1/2

[Event "North American-ch Juniors Open U20 2020"]
[Site "Charlotte"]
[Date "2020.12.23"]
[Round "8.2"]
[White "Sandoval Mercado, Carlos"]
[Black "Asaria, Danial"]
[Result "0-1"]
[WhiteElo "2298"]
[BlackElo "2284"]
[Annotator "TA"]
[PlyCount "67"]
[EventDate "2020.12.06"]
[EventType "swiss"]
[EventCountry "USA"]
[SourceTitle "playchess.com"]
[Source "ChessBase"]
[SourceQuality "1"]

{[%evp 9,67,-22,-29,-27,-16,-19,-21,-12,-22,-29,-20,-24,-39,-28,-14,-24,-19,-38,-28,-57,-81,-72,-52,-55,-58,-65,-49,-77,-57,-93,-76,-143,-145,-416,-441,-420,-420,-384,-288,-316,-333,-407,-402,-616,-565,-831,-807,-1577,-820,-802,-754,-924,-883,-1795,-1739,-1666,-1612,-3130,-2818,-2812]} 1. d4 d5 2. Nc3 Nf6 3. Bf4 e6 4. e3 Bb4 5. Nge2 O-O 6. a3 {D00: 1 d4 d5: Unusual lines.} Bd6 7. Bg3 c5 {[#]} 8. dxc5 $146 {The position is equal.} ({Predecessor:} 8. Nf4 Nc6 9. dxc5 Bxc5 10. Be2 b6 11. Qd2 Bb7 12. Bh4 Be7 13. O-O-O Rc8 14. Kb1 {0-1 (59) Sethuraman,S (2640)-Bok,B (2591) Berlin 2015}) 8... Bxc5 9. Nd4 Nc6 10. Nxc6 bxc6 11. Bd3 Re8 12. O-O e5 13. e4 Bg4 14. Qc1 Nh5 15. Na4 Nxg3 16. hxg3 Bf8 17. c4 Rc8 18. b4 {[#]} f5 $1 {[%mdl 512]} 19. exf5 e4 20. Qf4 (20. Bc2 $142) 20... h5 $17 21. c5 $2 {[%mdl 8192] This move loses the game for White.} (21. Bc2 $17 {might work better.}) 21... exd3 $19 22. f3 g5 23. fxg6 {Threatening mate with Qf7+.} Be6 24. Rae1 {Hoping for Rxe6!} Qc7 25. Qg5 Bg7 26. Qxh5 (26. Kh2 $142 Qd8 27. Qd2) 26... Qxg3 {Black is clearly winning.} 27. f4 {If White can now play f5 this consolidates a bit.} Bg4 28. Qh7+ Kf8 29. Re5 Re6 30. Nc3 Rc7 31. Nd1 {[#]} Bxd1 $1 {[%mdl 512]} 32. Rf5+ (32. Rxd1 Bxe5) 32... Rf6 ({Avoid the trap} 32... Ke8 $2 33. Qg8+ Kd7 34. Rf7+ Re7 35. Rxe7+ (35. Rxg7 $2 Qe3+ 36. Kh1 Be2 $19) 35... Kxe7 36. Qxg7+ Kd8 37. Qf8+ Kd7 38. g7 $18) 33. Rg5 Qe3+ 34. Kh1 {Weighted Error Value: White=0.91/Black=0.06} 0-1

[Event "North American-ch Juniors Open U20 2020"]
[Site "Charlotte"]
[Date "2020.12.23"]
[Round "8.3"]
[White "Wu, Derek"]
[Black "Quiroga Jaquez, Angel Ivan"]
[Result "0-1"]
[WhiteElo "2106"]
[BlackElo "2178"]
[Annotator "TA"]
[PlyCount "88"]
[EventDate "2020.12.06"]
[EventType "swiss"]
[EventCountry "USA"]
[SourceTitle "playchess.com"]
[Source "ChessBase"]
[SourceQuality "1"]

{[%evp 26,88,45,43,58,44,58,62,64,61,60,49,50,51,54,56,59,64,68,62,86,55,78,72,89,93,123,104,122,91,93,88,116,0,82,76,117,85,136,0,0,0,39,41,106,77,79,3,12,10,5,6,32,0,0,-50,17,0,302,-29973,-29974,-29967,-29970,-6701,-5712]} 1. e4 e5 2. Nf3 Nc6 3. Bb5 a6 4. Ba4 Nf6 5. d4 exd4 6. O-O Be7 7. Re1 O-O 8. e5 Nd5 9. Nxd4 Nxd4 10. Qxd4 Nb6 11. Bb3 d6 12. exd6 Bxd6 13. Bf4 Bxf4 $1 {13...Bxf4 is better than 13...Qh4.} 14. Qxf4 Be6 {C84: Closed Ruy Lopez: Unusual White 6th moves.} 15. Bxe6 fxe6 16. Qe5 {[#]} Rf6 $146 {White is slightly better.} ({Predecessor:} 16... Kh8 17. Nc3 Nd5 18. Rad1 Qh4 19. g3 Qf6 20. Qxf6 Nxf6 21. Rxe6 Rae8 22. Rde1 Kg8 23. Rxe8 Rxe8 24. Rxe8+ Nxe8 {1-0 (61) Bade,U (2091)-Turek,A (1806) Rowy 2006}) 17. Nc3 Nc4 18. Qc5 Nd6 19. Rad1 Qd7 20. Qe3 Qf7 21. f3 $36 {[%mdl 2048] Black is under pressure.} Qg6 22. Qc5 Qf7 23. b3 Rg6 24. Rd3 Rf8 25. Ne4 Nf5 26. Red1 b6 27. Qc4 a5 28. R1d2 Qe7 29. Rd1 (29. Rd7 $16 Qh4 30. g3) 29... c5 (29... Qf7 $1 $11) 30. c3 $16 h5 31. R1d2 Kh7 (31... Qf7 $142) 32. Ng3 ({White should try} 32. f4 $16) 32... Qg5 33. f4 Qh4 {[%cal Rf5g3]} 34. Qe4 Kg8 ({Black should play} 34... Qg4 $14) 35. Rf3 Qg4 36. Qe5 (36. Qd3 $16) 36... h4 $11 37. h3 Qxf3 $1 38. gxf3 hxg3 39. Qc7 {[#] Black must now prevent Rd8.} Nh4 40. Rd3 (40. Rd8 {with more complications.} Nxf3+ 41. Kg2 Nh4+ 42. Kg1 Nf3+) 40... g2 (40... Kh7 $1 $15 41. Qxb6 Rf5) 41. Qxb6 {Strongly threatening f5.} Rxf4 $2 {[%mdl 8192]} (41... e5 $11 {and Black has nothing to worry.} 42. Qxc5 Rg3) 42. Qxa5 $4 {[%mdl 8192]} ({Don't blunder} 42. Qxc5 $2 Nxf3+ 43. Rxf3 Rxf3 $19) (42. Rd8+ $18 Kh7 {[#]} 43. Rh8+ $1 {[%mdl 576] Decoy} Kxh8 44. Qb8+ {[%mdl 64] Double Attack} Kh7 45. Qxf4) 42... Nxf3+ 43. Rxf3 Rxf3 44. Qd8+ Rf8 {Weighted Error Value: White=0.49/Black=0.36} 0-1

[Event "North American-ch Juniors Open U20 2020"]
[Site "Charlotte"]
[Date "2020.12.23"]
[Round "8.4"]
[White "Stearman, Josiah"]
[Black "Chen, Ryo"]
[Result "0-1"]
[WhiteElo "2391"]
[BlackElo "2165"]
[Annotator "TA"]
[PlyCount "152"]
[EventDate "2020.12.06"]
[EventType "swiss"]
[EventCountry "USA"]
[SourceTitle "playchess.com"]
[Source "ChessBase"]
[SourceQuality "1"]

{[%evp 13,152,43,36,41,52,47,28,0,0,0,0,0,0,0,0,0,0,0,0,0,0,0,24,18,18,0,6,8,93,95,59,62,62,62,57,61,62,76,265,258,212,158,158,127,124,87,87,73,72,74,83,33,45,0,0,0,85,69,66,83,60,45,45,45,41,41,42,42,44,44,34,10,14,14,14,14,10,-3,-4,-37,0,-56,0,-188,0,0,0,0,0,-8,-19,-325,-298,-435,-426,-426,-425,-417,-363,-525,-517,-829,-803,-1336,-1720,-1964,-1811,-2006,-1906,-2501,-2289,-2073,-1510,-1243,-819,-2453,-2361,-2169,-2171,-1575,-1421,-29971,-29973,-29972,-29973,-29980,-29981,-29986,-29987,-29987,-29985,-29985,-29986,-29989,-29990,-29990,-29991,-29995,-29996,-29996,-29997]} 1. d4 Nf6 2. c4 g6 3. Nc3 Bg7 4. e4 d6 5. Be2 O-O 6. Be3 c5 7. d5 e6 8. Nf3 {E73: King's Indian: Averbakh Variation without 6...c5.} exd5 9. cxd5 b5 {Threatening ...b4.} 10. Bxb5 {White has an edge.} (10. e5 {looks sharper.} Ng4 11. Bg5 Qb6 12. exd6 b4 13. Ne4) 10... Nxe4 $1 11. Nxe4 Qa5+ 12. Qd2 Qxb5 13. Nxd6 Qxb2 14. Qxb2 Bxb2 15. Rb1 Bc3+ {[#]} 16. Nd2 $146 ({Predecessor:} 16. Bd2 Bxd2+ 17. Kxd2 Na6 18. Rhe1 Rd8 19. Nxc8 Raxc8 20. Rb7 Nc7 21. Rxa7 Nb5 22. Rb7 Rxd5+ {½-½ (28) Brondum,E (2164)-Kaminik,A (2314) Hockenheim 2007}) 16... Na6 17. O-O Bxd2 18. Bxd2 Nc7 19. Nxc8 Raxc8 20. d6 $36 {[%mdl 2048] White has good play.} Ne6 (20... Nd5 $1 $11 {keeps the balance.}) 21. Ba5 $16 Rc6 22. d7 Ra6 23. Rb5 {Strongly threatening Rd1.} Rd6 $1 24. Rb7 Ra6 25. Bc3 $1 Nd4 $2 (25... Rd6 $16 {is a better defense.}) 26. Re1 $18 Rd6 27. Kf1 {Hoping for Bxd4.} ({But not} 27. Rxa7 $6 Nb5 $16) 27... Kg7 28. Re7 Kf6 29. Re4 Rd8 30. Rc7 Rd5 31. Rxa7 R8xd7 32. Ra5 g5 33. f3 Kg6 34. Re8 Rd8 (34... Ne6 $11) 35. Rxd8 $16 Rxd8 36. Rxc5 {[%mdl 4096] Endgame KRB-KRN} Ne6 37. Rc4 Rd1+ $1 38. Kf2 Rc1 39. a4 Rc2+ 40. Kf1 Rc1+ 41. Ke2 Rc2+ 42. Kd3 Rxg2 43. Bd2 {aiming for a5.} Rxh2 44. a5 {And now a6 would win.} Rh1 $1 45. Bc1 Rd1+ 46. Bd2 Ra1 47. Rc8 (47. Bc3 $1 $11 Rd1+ 48. Ke4) 47... h5 (47... Ra4 $1 $15 48. Bc3 h5) 48. Bc3 $2 {[#]} (48. Kc4 $1 $11 {and White is okay.}) 48... Rd1+ $2 (48... Ra4 $1 $19 {...h4 is the strong threat.} 49. Kc2 Nd4+ 50. Bxd4 Rxd4) 49. Kc4 Rd7 50. a6 $1 Ra7 51. Rc6 Kf5 {White must now prevent ...h4.} 52. Ba5 $2 {[%mdl 8192]} (52. Bd2 $11) 52... h4 $19 {Threatens to win with ...h3.} 53. Rd6 (53. Bb4 {is the only way for White.} Kf4 54. Bd6+ Kxf3 55. Bb8) 53... h3 54. Kb5 h2 55. Rd1 Kf4 56. Bb6 (56. Kb6 $142 Rd7 57. Rf1 Rd6+ 58. Kb5 Nd4+ 59. Kc5 Rxa6 60. Bc7+ Ke3 61. Bxh2) 56... Ra8 57. a7 (57. Rh1 $142 Kg3 58. Bg1 hxg1=N 59. Rxg1+ Kxf3 60. Rf1+ Ke4 61. Kb6) 57... Kxf3 58. Ka6 g4 59. Rf1+ Kg2 60. Rf2+ Kh3 61. Rxf7 g3 62. Rh7+ Kg4 63. Kb7 {[#]} Rxa7+ $1 {[%mdl 576] Promotion} 64. Bxa7 Ng5 65. Rh8 Nh3 66. Rg8+ Kf3 67. Bb8 h1=Q {Black mates.} 68. Rxg3+ Ke2+ 69. Kc8 Qc6+ 70. Bc7 Nf4 71. Rg7 Nd5 72. Kb8 Kd3 73. Bh2 Nb6 74. Rg3+ Kc4 75. Rg4+ Kb5 76. Rg5+ Ka6 {Black used his chance. Accuracy: White = 53%, Black = 80%.} 0-1

[Event "North American-ch Juniors Open U20 2020"]
[Site "Charlotte"]
[Date "2020.12.23"]
[Round "8.6"]
[White "Tello Chavez, Isaac Valent"]
[Black "Kumar, Naman"]
[Result "1-0"]
[WhiteElo "2275"]
[BlackElo "2115"]
[Annotator "TA"]
[PlyCount "83"]
[EventDate "2020.12.06"]
[EventType "swiss"]
[EventCountry "USA"]
[SourceTitle "playchess.com"]
[Source "ChessBase"]
[SourceQuality "1"]

{[%evp 14,83,11,0,0,-1,2,-16,-3,-7,-5,-28,-29,-14,-7,-10,-26,-14,-11,-27,-27,-11,17,13,29,30,27,0,0,0,55,47,46,41,35,12,21,21,69,41,46,41,50,15,121,96,125,139,93,75,60,0,145,42,160,139,253,240,258,266,394,408,408,382,735,737,723,700,2006,1985,29997,29998]} 1. c4 c5 2. g3 g6 3. Bg2 Bg7 4. Nc3 Nc6 {[%cal Bb8c6,Bc6d4,Bd4e2][%mdl 32]} 5. e4 e6 6. Nge2 Nge7 7. d3 d6 8. Be3 Nd4 {A36: Symmetrical English vs ...g6: 4 Bg2 Bg7.} 9. Qd2 a6 10. Rb1 Nec6 {The position is equal.} 11. O-O O-O 12. Bg5 Qa5 13. a3 Nxe2+ 14. Nxe2 Qxd2 15. Bxd2 {[#]} Bd7 $146 ({Predecessor:} 15... Ne5 16. f4 Nxd3 17. b3 b5 18. Bc3 Rb8 19. Bxg7 Kxg7 20. cxb5 Rxb5 21. Rfd1 c4 22. bxc4 Rxb1 23. Rxb1 {0-1 (64) Kusnetsov,I (2125)-Melnichuk,M (2223) Kiev 2007}) 16. Bf4 e5 17. Be3 b6 18. Nc3 Be6 19. b4 Rfb8 20. Rb2 cxb4 21. axb4 {[%cal Ba3b4,Bb4b5][%mdl 32]} Nd4 (21... b5 $11) 22. b5 a5 23. Na4 Ra7 24. Bxd4 exd4 25. f4 f5 26. Re2 fxe4 27. Bxe4 Bg4 28. Ree1 Re7 (28... Bh3 $11 {keeps the balance.}) 29. Kg2 $16 Bd7 30. h3 Bf6 31. Rh1 Kg7 32. Kf3 ({Better is} 32. Bc6 $14 Bxc6+ 33. bxc6) 32... Kg8 {[#]} (32... h5 $11) 33. h4 (33. g4 $1 $16) 33... Kg7 {[#]} (33... h5 $1 $14) 34. g4 $1 {Hoping for g5.} Ree8 (34... Kf8 $16 35. g5 Bg7) 35. g5 $18 Bd8 36. h5 Rf8 (36... Bc7 $142 37. hxg6 hxg6) 37. hxg6 hxg6 {...Bxg5 is the strong threat.} 38. Rh6 Bf5 $2 (38... d5) 39. Reh1 {Threatening mate with Rh7+.} Bxe4+ 40. Kxe4 Rf7 {[#]} 41. Rh8 $1 {[%csl Gh8][%cal Rh1h7][%mdl 512]} Re7+ 42. Kd5 {Accuracy: White = 80%, Black = 51%.} 1-0